Every State's Eastern Half - Statistics

General Stats
  • This quiz has been taken 15 times
  • The average score is 40 of 47
Answer Stats
Picture Answer % Correct
California
100%
Florida
100%
Michigan
100%
Minnesota
100%
Mississippi
100%
Nevada
100%
New Jersey
100%
New York
100%
Oklahoma
100%
South Carolina
100%
Tennessee
100%
Texas
100%
Utah
100%
Virginia
100%
Wisconsin
100%
Alaska
92%
Arkansas
92%
Hawaii
92%
Illinois
92%
Iowa
92%
Kentucky
92%
Louisiana
92%
Maryland
92%
Massachusetts
92%
Missouri
92%
Nebraska
92%
North Carolina
92%
West Virginia
92%
Georgia
85%
Maine
85%
Ohio
85%
Rhode Island
85%
Vermont
85%
Alabama
77%
Colorado | Wyoming
77%
New Hampshire
77%
Pennsylvania
77%
Arizona
69%
Indiana
69%
South Dakota
69%
Connecticut
62%
Montana
62%
New Mexico
62%
Kansas
54%
North Dakota
54%
Idaho
46%
Washington
46%
No matching quizzes found
Score Distribution
Percent of People with Each Score
Percentile by Number Answered
Your Score History
You have not taken this quiz